<?xml version="1.0" encoding="UTF-8"?>
<record
    xmlns:xsi="http://www.w3.org/2001/XMLSchema-instance"
    xsi:schemaLocation="http://www.loc.gov/MARC21/slim http://www.loc.gov/standards/marcxml/schema/MARC21slim.xsd"
    xmlns="http://www.loc.gov/MARC21/slim">

  <leader>00672nam a22001337a 4500</leader>
  <datafield tag="040" ind1=" " ind2=" ">
    <subfield code="c">RUA</subfield>
  </datafield>
  <datafield tag="082" ind1=" " ind2=" ">
    <subfield code="a">AGR VA 2016 B632 Or.1</subfield>
  </datafield>
  <datafield tag="100" ind1=" " ind2=" ">
    <subfield code="a">VA CHAMNAB,&#x179C;&#x17C9;&#x17B6; &#x1785;&#x17C6;&#x178E;&#x17B6;&#x1794;&#x17CB;</subfield>
  </datafield>
  <datafield tag="245" ind1=" " ind2=" ">
    <subfield code="a">effect of different rates of biochar in rice bran residues on growth and mycelium of trichoderma,&#x17A5;&#x1791;&#x17B7;&#x1792;&#x1796;&#x179B;&#x1793;&#x17C3;&#x17A2;&#x178F;&#x17D2;&#x179A;&#x17B6; biochar &#x200B;&#x1780;&#x17D2;&#x1793;&#x17BB;&#x1784;&#x1780;&#x1793;&#x17D2;&#x1791;&#x1780;&#x17CB;&#x179B;&#x17BE;&#x1780;&#x17B6;&#x179A;&#x179B;&#x17BC;&#x178F;&#x179B;&#x17B6;&#x179F;&#x17CB;&#x179A;&#x1794;&#x179F;&#x17CB;&#x1795;&#x17D2;&#x179F;&#x17B7;&#x178F; trichoderma&#x1793;&#x17B7;&#x1784;&#x1785;&#x17C6;&#x1793;&#x17BD;&#x1793;&#x179F;&#x17D2;&#x1794;&#x17C9;</subfield>
  </datafield>
  <datafield tag="260" ind1=" " ind2=" ">
    <subfield code="a">phnom penh</subfield>
    <subfield code="b">RUA</subfield>
    <subfield code="c">2016</subfield>
  </datafield>
  <datafield tag="300" ind1=" " ind2=" ">
    <subfield code="a">xi;29p;</subfield>
    <subfield code="b">ill;</subfield>
    <subfield code="c">29cm;</subfield>
  </datafield>
  <datafield tag="856" ind1=" " ind2=" ">
    <subfield code="u">https://drive.google.com/file/d/1HPU8Ve16CnbxJJdIARL85CjZuw38KAhx/view?usp=sharing</subfield>
  </datafield>
  <datafield tag="942" ind1=" " ind2=" ">
    <subfield code="c">AGR</subfield>
  </datafield>
  <datafield tag="999" ind1=" " ind2=" ">
    <subfield code="c">17877</subfield>
    <subfield code="d">17877</subfield>
  </datafield>
  <datafield tag="952" ind1=" " ind2=" ">
    <subfield code="0">0</subfield>
    <subfield code="1">0</subfield>
    <subfield code="2">ddc</subfield>
    <subfield code="4">0</subfield>
    <subfield code="6">AGR_VA_2016_000000000000000_B632_OR_1</subfield>
    <subfield code="7">0</subfield>
    <subfield code="9">78656</subfield>
    <subfield code="a">LBB</subfield>
    <subfield code="b">LBB</subfield>
    <subfield code="d">2019-03-26</subfield>
    <subfield code="l">1</subfield>
    <subfield code="o">AGR VA 2016 B632 Or.1</subfield>
    <subfield code="p">A44603</subfield>
    <subfield code="r">2019-11-02</subfield>
    <subfield code="s">2019-11-01</subfield>
    <subfield code="w">2019-03-26</subfield>
    <subfield code="y">AGR</subfield>
  </datafield>
  <datafield tag="952" ind1=" " ind2=" ">
    <subfield code="0">0</subfield>
    <subfield code="1">0</subfield>
    <subfield code="2">ddc</subfield>
    <subfield code="4">0</subfield>
    <subfield code="6">AGR_VA_2016_000000000000000_B632_OR_2</subfield>
    <subfield code="7">0</subfield>
    <subfield code="9">78657</subfield>
    <subfield code="a">LBB</subfield>
    <subfield code="b">LBB</subfield>
    <subfield code="d">2019-03-26</subfield>
    <subfield code="o">AGR VA 2016 B632 Or.2</subfield>
    <subfield code="p">A44269</subfield>
    <subfield code="r">2019-03-26</subfield>
    <subfield code="w">2019-03-26</subfield>
    <subfield code="y">AGR</subfield>
  </datafield>
  <datafield tag="952" ind1=" " ind2=" ">
    <subfield code="0">0</subfield>
    <subfield code="1">0</subfield>
    <subfield code="2">ddc</subfield>
    <subfield code="4">0</subfield>
    <subfield code="6">AGR_VA_2016_000000000000000_B632_OR_3</subfield>
    <subfield code="7">0</subfield>
    <subfield code="9">78658</subfield>
    <subfield code="a">LBB</subfield>
    <subfield code="b">LBB</subfield>
    <subfield code="d">2019-03-26</subfield>
    <subfield code="o">AGR VA 2016 B632 Or.3</subfield>
    <subfield code="p">A45081</subfield>
    <subfield code="r">2019-03-26</subfield>
    <subfield code="w">2019-03-26</subfield>
    <subfield code="y">AGR</subfield>
  </datafield>
  <datafield tag="952" ind1=" " ind2=" ">
    <subfield code="0">0</subfield>
    <subfield code="1">0</subfield>
    <subfield code="2">ddc</subfield>
    <subfield code="4">0</subfield>
    <subfield code="6">AGR_VA_2016_000000000000000_B632_OR_4</subfield>
    <subfield code="7">0</subfield>
    <subfield code="9">78659</subfield>
    <subfield code="a">LBB</subfield>
    <subfield code="b">LBB</subfield>
    <subfield code="d">2019-03-26</subfield>
    <subfield code="o">AGR VA 2016 B632 Or.4</subfield>
    <subfield code="p">A45156</subfield>
    <subfield code="r">2019-03-26</subfield>
    <subfield code="w">2019-03-26</subfield>
    <subfield code="y">AGR</subfield>
  </datafield>
  <datafield tag="952" ind1=" " ind2=" ">
    <subfield code="0">0</subfield>
    <subfield code="1">0</subfield>
    <subfield code="2">ddc</subfield>
    <subfield code="4">0</subfield>
    <subfield code="6">AGR_VA_2016_000000000000000_B632_OR_5</subfield>
    <subfield code="7">0</subfield>
    <subfield code="9">78660</subfield>
    <subfield code="a">LBB</subfield>
    <subfield code="b">LBB</subfield>
    <subfield code="d">2019-03-26</subfield>
    <subfield code="o">AGR VA 2016 B632 Or.5</subfield>
    <subfield code="p">A44194</subfield>
    <subfield code="r">2019-03-26</subfield>
    <subfield code="w">2019-03-26</subfield>
    <subfield code="y">AGR</subfield>
  </datafield>
  <datafield tag="952" ind1=" " ind2=" ">
    <subfield code="0">0</subfield>
    <subfield code="1">0</subfield>
    <subfield code="2">ddc</subfield>
    <subfield code="4">0</subfield>
    <subfield code="6">AGR_VA_2016_000000000000000_B632_OR_6</subfield>
    <subfield code="7">0</subfield>
    <subfield code="9">78661</subfield>
    <subfield code="a">LBB</subfield>
    <subfield code="b">LBB</subfield>
    <subfield code="d">2019-03-26</subfield>
    <subfield code="o">AGR VA 2016 B632 Or.6</subfield>
    <subfield code="p">A44826</subfield>
    <subfield code="r">2019-03-26</subfield>
    <subfield code="w">2019-03-26</subfield>
    <subfield code="y">AGR</subfield>
  </datafield>
</record>
